00628nam a22002057a 4500003001100000005001700011008004100028040003900069041000800108082001600116100002100132245006400153260004300217300001000260650001300270650002600283942000700309952009100316999001500407LK-CoMWRAF20231218154011.0231218b2005 |||||||| |||| 00| 0 eng d aLK-CoMWRAFdLK-CoMWRAFeLK-CoMWRAF aeng a305.42bGOM aGomez, Shyamala. aA study on gender based violence in the Batticaloa district aBatticaloa:bCARE International,c2005 a93 p. aFEMINISM aGender based violence cBK 00104070aMAINbMAINd2023-12-18l0o305.42 GOMpRAF4585r2023-12-18w2023-12-18yBK c4529d4529